Normal view
MARC view
Entry Personal Name
001 - CONTROL NUMBER
- control field: 32271
003 - CONTROL NUMBER IDENTIFIER
- control field: ARRUPE
005 - DATE AND TIME OF LATEST TRANSACTION
- control field: 20170607130044.0
008 - FIXED-LENGTH DATA ELEMENTS
- fixed length control field: 170607|| aca||aabn | a|a d
040 ## - CATALOGING SOURCE
- Original cataloging agency: ARRUPE
- Transcribing agency: ARRUPE
100 ## - HEADING--PERSONAL NAME
- Personal name: Afigbo, Adiele Ebesechukwa
670 ## - SOURCE DATA FOUND
- Source citation: Work cat.: (ARRUPE)1739: Afigbo, Adiele Ebesechukwa, Igbo history and society, 2005